Основы вычислений и программирования в пакете MathCAD PRIME: учебное пособие

Manylion Llyfryddiaeth
Prif Awdur: Воскобойников Ю. Е. Юрий Евгеньевич
Awduron Eraill: Задорожный А. Ф. Анатолий Филиппович
Crynodeb:В книге изложены основы работы в пакете MathCAD версий PRIME для создания документов, построения графиков, матричных и векторных операций, программирования основных типов вычислительных алгоритмов (линейных, разветвляющихся и циклов) и формирования файлов дан­ных. Подробно рассматривается модульное программирование и его реали­зация в пакете MathCAD PRIME.Учебное пособие содержит большое количество примеров и копий фраг­ментов документов MathCAD PRIME, которые позволят читателям не толь­ко лучше понять и усвоить учебный материал, но и эффективно использо­вать пакет MathCAD при выполнении курсовых и дипломных работ, а так­же при работе над магистерскими и кандидатскими диссертациями.Книга рекомендуется студентам технических специальностей при изу­чении учебных дисциплин, включающих вычисления различной сложно­сти, в том числе решение алгебраических и дифференциальных уравнений, обработку экспериментальных данных, корреляционный, регрессионный анализ данных. Книга будет также полезна магистрантам, аспирантам, инженерам и научным сотрудникам, использующим в своих расчетах ма­тематический пакет MathCAD PRIME.
Iaith:Rwseg
Cyhoeddwyd: Санкт-Петербург, Лань, 2022
Rhifyn:2-е изд., стер.
Cyfres:Учебники для вузов. Специальная литература
Pynciau:
Fformat: Llyfr
KOHA link:https://koha.lib.tpu.ru/cgi-bin/koha/opac-detail.pl?biblionumber=347678

MARC

LEADER 00000nam0a2200000 4500
001 347678
005 20231102010027.0
010 |a 9785811420520 
035 |a (RuTPU)RU\TPU\book\379633 
035 |a RU\TPU\book\342615 
090 |a 347678 
100 |a 20160405d2022 m y0rusy50 ca 
101 0 |a rus 
102 |a RU 
105 |a a j 001zy 
200 1 |a Основы вычислений и программирования в пакете MathCAD PRIME  |e учебное пособие  |f Ю. Е. Воскобойников, А. Ф. Задорожный  
205 |a 2-е изд., стер. 
210 |a Санкт-Петербург  |c Лань  |d 2022 
215 |a 224 с.  |c ил. 
225 1 |a Учебники для вузов. Специальная литература 
320 |a Библиогр.: с. 221 
330 |a В книге изложены основы работы в пакете MathCAD версий PRIME для создания документов, построения графиков, матричных и векторных операций, программирования основных типов вычислительных алгоритмов (линейных, разветвляющихся и циклов) и формирования файлов дан­ных. Подробно рассматривается модульное программирование и его реали­зация в пакете MathCAD PRIME.Учебное пособие содержит большое количество примеров и копий фраг­ментов документов MathCAD PRIME, которые позволят читателям не толь­ко лучше понять и усвоить учебный материал, но и эффективно использо­вать пакет MathCAD при выполнении курсовых и дипломных работ, а так­же при работе над магистерскими и кандидатскими диссертациями.Книга рекомендуется студентам технических специальностей при изу­чении учебных дисциплин, включающих вычисления различной сложно­сти, в том числе решение алгебраических и дифференциальных уравнений, обработку экспериментальных данных, корреляционный, регрессионный анализ данных. Книга будет также полезна магистрантам, аспирантам, инженерам и научным сотрудникам, использующим в своих расчетах ма­тематический пакет MathCAD PRIME. 
606 1 |a Система Mathcad  |2 stltpush  |3 (RuTPU)RU\TPU\subj\54957  |9 73030 
610 1 |a MathCAD Prime 
610 1 |a математические пакеты 
610 1 |a вычисления 
610 1 |a графика 
610 1 |a программирование 
610 1 |a научно-инженерные задачи 
610 1 |a решение 
610 1 |a учебные пособия 
675 |a 004.42:004.942(075.8)  |v 4 
700 1 |a Воскобойников  |b Ю. Е.  |g Юрий Евгеньевич 
701 1 |a Задорожный  |b А. Ф.  |g Анатолий Филиппович 
801 1 |a RU  |b 63413507  |c 20220603 
801 2 |a RU  |b 63413507  |c 20220825  |g RCR 
942 |c BK 
959 |a 10/20220603  |d 3  |e 1128,60  |f УФ:3